Dom smútku a cintorín v regióne Orava
Salvato in:
| Autore principale: | |
|---|---|
| Altri autori: | |
| Natura: | Manoscritto Libro |
| Lingua: | slovacco |
| Pubblicazione: |
2020
|
| Soggetti: | |
| Accesso online: | http://is.stuba.sk/zp/portal_zp.pl?podrobnosti=157128 https://opac.crzp.sk/?fn=detailBiblioForm&sid=F0D9EA643ED404031EEB161BE0B8 |
| Tags: |
Nessun Tag, puoi essere il primo ad aggiungerne!!
|
MARC
| LEADER | 00000ntm a22000003a 4500 | ||
|---|---|---|---|
| 001 | stuzp78399 | ||
| 003 | SK-STU | ||
| 005 | 20230522134715.7 | ||
| 007 | ta | ||
| 008 | 150427s2015----xo-----f-mn---000-0-slo-d | ||
| 040 | |a STU |b slo | ||
| 041 | 0 | |a slo | |
| 100 | 1 | |a Rosinská, Simona |u 010310 |4 aut |U SvF Stavebná fakulta |T SvF Katedra architektúry |X 80881 |U V181|V310 |Y 19 |7 80881 | |
| 242 | 0 | 1 | |a Funeral chapel and cemetery in the region of Orava |y eng |
| 245 | 1 | 0 | |a Dom smútku a cintorín v regióne Orava |
| 260 | |c 2020 | ||
| 650 | 4 | |a dom smútku |2 slo | |
| 650 | 4 | |a urnový háj |2 slo | |
| 650 | 4 | |a ekologický cintorín |2 slo | |
| 650 | 4 | |a filozofia |2 slo | |
| 650 | 4 | |a philosophy |2 eng | |
| 650 | 4 | |a urn grove |2 eng | |
| 650 | 4 | |a eco-friendly cemetery |2 eng | |
| 650 | 4 | |a funeral chapel |2 eng | |
| 700 | 1 | |a Bránický, Filip |u 010310 |k Z3 |4 ths |U SvF Stavebná fakulta |T SvF Katedra architektúry |X 49264 |U V181|V310 |Y 19 |7 A000049264 | |
| 856 | 4 | |u http://is.stuba.sk/zp/portal_zp.pl?podrobnosti=157128 | |
| 856 | 4 | |u https://opac.crzp.sk/?fn=detailBiblioForm&sid=F0D9EA643ED404031EEB161BE0B8 | |